Ideas políticas de la Edad Media / (Record no. 82705)

MARC details
000 -LEADER
campo de control de longitud fija 00618nam a2200193 i 4500
001 - NÚMERO DE CONTROL
campo de control 82705
003 - IDENTIFICADOR DE NÚMERO DE CONTROL
campo de control ES-MaACL
007 - CAMPO FIJO DE DESCRIPCIÓN FÍSICA--INFORMACIÓN GENERAL
campo de control de longitud fija t|
008 - DATOS DE LONGITUD FIJA--INFORMACIÓN GENERAL
campo de control de longitud fija 041111s1942 sp ||||1| spa d
245 00 - MENCIÓN DEL TÍTULO
Título Ideas políticas de la Edad Media /
Mención de responsabilidad, etc. selección, traducción y prólogo de Juan Beneyto Pérez.
250 ## - MENCION DE EDICION
Mención de edición 2ª ed.
260 ## - PUBLICACIÓN, DISTRIBUCIÓN, ETC.
Lugar de publicación, distribución, etc. Madrid :
Nombre del editor, distribuidor, etc. Ediciones Fe,
Fecha de publicación, distribución, etc. 1942 (
Fabricante Uguina)
300 ## - DESCRIPCIÓN FÍSICA
Extensión 150 p. ;
Dimensiones 17 cm.
490 1# - MENCIÓN DE SERIE
Mención de serie Breviarios del pensamiento español
700 1# - ENTRADA AGREGADA--NOMBRE PERSONAL
Nombre de persona Beneyto Pérez, Juan.
9 (RLIN) 27562
830 0# - PUNTO DE ACCESO ADICIONAL DE SERIE-TÍTULO UNIFORME
Título uniforme Breviarios del pensamiento español
9 (RLIN) 180739
852 ## - LOCALIZACIÓN
Ubicación ES-MaACL
Número de control de estantería G-3506
Sublocalización o colección R.20638
Holdings
Estatus retirado Estado de pérdida Estado de daño No para préstamo Biblioteca de origen Biblioteca actual Ubicación en estantería Fecha de adquisición Fuente de adquisición Total de préstamos Signatura topográfica completa Código de barras Visto por última vez Precio de reemplazo Tipo de ítem Koha
        Biblioteca del Ateneo de Madrid Biblioteca del Ateneo de Madrid Depósito 2 17/01/2008     G-3506 1086436 23/02/2023 23/02/2023 Libro impreso